000 00828nam a22003017a 4500
001 5302
003 FISKH
005 20241125122347.0
008 241125b cb ||||| |||| 00| 0 eng d
020 _a9780590425575
040 _aFISKH
_beng
_cFISKH
_dFISKH
050 _aPZ7.E88
082 _a823.914
100 _aEstoril, Jean
245 _aDrina Dances Again /
_cby Jean Estoril
250 _aFirst Scholastic printing, October 1989
260 _aNew York :
_bScholastic ;
_c1960.
300 _a186 pages :
_billustrations ;
_c20 cm .
490 _aDrina
_vBook 5
505 _aS
521 8 _a790
_bLexile estimate
521 8 _aS
_bRaz-Plus
650 _achildren
_vFiction
650 _aballet
_vFiction
700 _aSanders, Jenny
_eillustrator
942 _2ddc
_cBK
_n0
999 _c5302
_d5302